000 00776nam a2200253Ia 4500
005 20230705084838.0
008 131103s9999 xx 000 0 und d
020 _a8172019459
_cRs 450
040 _aLoreto College
041 _aEnglish
082 _aTAG 891.44
_bTAG-DAS
100 _aTagore, Rabindranath
245 4 _aThe English writings of Rabindranath Tagore
_b Volume Two : Plays, Stories, Essays
_cEdited by Sisir Kumar Das
260 _aNew Delhi
_bSahitya Academy
_c1996
300 _a780p
504 _aV1: Poems; V2:Plays, Stories, Essays; V3: A Miscellany
630 _aBengali Essays
630 _aBengali Plays
650 _aBengali Stories
651 _aBengali Literature
700 _aDas, Sisir Kumar, ed
850 _aLCLIB
942 _cBK
999 _c13260
_d63739